Loading...
| History - Other History | 0 | 4 | 0 | 0 | 40 | 24 | 65.25 | 2 | 4 |
| Philosophy | 0 | 4 | 1 | 0 | 35 | 60 | 81.25 | 0 | 2 |
| Fine Arts - Painting and Sculpture | 0 | 3 | 0 | 0 | 30 | 48 | 63.67 | 1 | 3 |
| Science - Other Science | 0 | 3 | 0 | 0 | 30 | 63 | 94.00 | 1 | 1 |
| History - European History | 0 | 3 | 1 | 2 | 25 | 81 | 106.67 | 0 | 0 |
| Fine Arts - Other Fine Arts | 0 | 2 | 1 | 0 | 15 | 59 | 66.00 | 0 | 1 |
| Religion | 0 | 2 | 1 | 0 | 15 | 66 | 94.00 | 1 | 2 |
| Literature - American Literature | 0 | 1 | 0 | 0 | 10 | 45 | 45.00 | 1 | 1 |
| Geography | 0 | 1 | 0 | 0 | 10 | 67 | 67.00 | 0 | 0 |
| Current Events | 0 | 1 | 0 | 0 | 10 | 99 | 99.00 | 0 | 0 |
| Science - Biology | 0 | 1 | 1 | 0 | 5 | 87 | 87.00 | 0 | 0 |
| Literature - British Literature | 0 | 0 | 1 | 0 | -5 | 0.00 | 0 | 0 |